| 000 | 00755nam a2200253 a 4500 | ||
|---|---|---|---|
| 001 | 49657 | ||
| 003 | BD-RjUL | ||
| 005 | 20211209054717.0 | ||
| 008 | 160822s1977 vaua b 001 0 eng | ||
| 020 | _a0879093366 | ||
| 035 | _a(BD-RjUL)49777 | ||
| 040 |
_aBD-RjUL _cDLC _dBD-RjUL _beng |
||
| 041 | _aeng | ||
| 082 | 0 | 0 |
_a362.973 _223 _bERU 1977 |
| 100 | 1 |
_aEriksen, Karin, _9148901 |
|
| 245 | 1 | 0 |
_aHuman services today / _cKarin Eriksen. |
| 260 |
_aReston, Va. : _bReston Pub. Co., _cc1977. |
||
| 300 |
_ax, 198 p. : _bill. ; _c24 cm. |
||
| 504 | _aIncludes bibliographies and index. | ||
| 650 | 0 |
_aSocial service _zUnited States. _9148902 |
|
| 650 | 0 |
_aHelping behavior. _9140274 |
|
| 651 | 0 |
_aUnited States _xSocial policy. _9125430 |
|
| 942 |
_2ddc _cBK |
||
| 999 |
_c49657 _d49657 |
||